Normal view MARC view

Entry Personal Name

Number of records used in: 2

001 - CONTROL NUMBER

  • control field: 55350

003 - CONTROL NUMBER IDENTIFIER

  • control field: dpl

005 - DATE AND TIME OF LATEST TRANSACTION

  • control field: 20130311162619.0

008 - FIXED-LENGTH DATA ELEMENTS

  • fixed length control field: 130311|||a|||||| | ||| d

040 ## - CATALOGING SOURCE

  • Original cataloging agency: dpl
  • Transcribing agency: dpl

100 ## - HEADING--PERSONAL NAME

  • Personal name: Delorme, Ann

670 ## - SOURCE DATA FOUND

  • Source citation: Work cat.: (dpl)66843: Delorme, Ann, The growing years :, 2012

670 ## - SOURCE DATA FOUND

  • Source citation: Work cat.: (dpl)66843: Delorme, Ann, The growing years :, 2012

© Delhi Public Library
Hit Counter
free hit counter